000 00720 a2200193 4500
003 Nust
005 20221226133046.0
010 _a33035325
040 _cNust
082 _a355,GAR
100 _aGarnett, James Clerk Maxwell,
_9105954
245 _aThe organization of peace in the basic English/
_cMaxwell Garnett
260 _aTrench, Trubner & Co. ltd
_bLondon, K. Paul
_c1933
300 _a123 p
_bfront. (fold. tab.)
_cillus
_e16 cm
505 _aNote (Page-10), Government (Page-34), Law (Page-55), Ference (Page-83), Organization (Page-105), Desired? (Page-119), Union (Page-123).
600 _aGarnett, James Clerk Maxwell,
_9105954
650 _aThe organization of peace
_9105955
942 _2ddc
_cBK
_k355,GAR
999 _c184640
_d184640